| 000 | 01233cam a2200409 a 4500 | ||
|---|---|---|---|
| 001 | 22671 | ||
| 003 | SK-KTurca | ||
| 005 | 20260415142708.0 | ||
| 008 | 250311s1965 xo a 000 p slo c | ||
| 015 | _aSNBA1965/12-03241 | ||
| 020 | _q(viazané) | ||
| 035 | _aSNK000306616 | ||
| 035 | _aurn:nbn:sk:snk-am3hfnj | ||
| 035 | _a9371E6F9-DD04-4674-966B-F3887EBA7C37 | ||
| 035 | _aurn:nbn:sk:snk-am00cynl | ||
| 040 |
_aSNK _bslo _cSNK _eAACR2 |
||
| 041 | 0 | _aslo | |
| 044 |
_axo _cSK |
||
| 072 | 7 |
_a821.162.4-1 _xSlovenská poézia _2konspekt |
|
| 080 |
_a821.162.4-1 _22011 |
||
| 080 |
_a(0:82-1) _22011 |
||
| 080 |
_a(0:82-14) _22011 |
||
| 100 | 1 |
_aTurčány, Viliam, _d1928-2021 _4aut |
|
| 245 | 1 | 0 |
_aV toku _cViliam Turčány ; [ilustrácie Terézia Kružlicová] |
| 260 |
_aBratislava _bSmena _c1965 |
||
| 300 |
_a91 strán _bilustrácie _c15 cm |
||
| 366 | _e1 500 kusov | ||
| 500 | _aFrontispice | ||
| 655 | 7 |
_aslovenská poézia _2SNKPH |
|
| 655 | 7 |
_alyrická poézia _2SNKPH |
|
| 655 | 7 |
_aSlovaka poetry _2SNKPHeng |
|
| 655 | 7 | _aLyric poetry | |
| 700 | 1 |
_aKružlicová, Terézia, _d1941- _4ill |
|
| 942 |
_2ddc _cKLDO _n0 |
||
| 999 |
_c22671 _d22671 |
||